[Event "2017 Australian Open Championship"]
[Site "Brisbane AUS"]
[Date "2017.01.03" ]
[Round "2.13"]
[White "Puccini, Jack"]
[Black "Jule, Alexandra"]
[Result "1-0"]
[WhiteElo "2322"]
[BlackElo "1998"]
[PlyCount "49"]

1. e4 c5 2. d4 cxd4 3. Nf3 d6 4. Nxd4 Nf6 5. Nc3 a6 6. Bc4 Nbd7 7. Bg5 Qc7 8.
Qe2 b5 9. Bb3 Bb7 10. O-O-O Nc5 11. Bxf6 Nxb3+ 12. axb3 gxf6 13. Nd5 Bxd5 14.
exd5 Rg8 15. f4 Qc5 16. Qe4 a5 17. Nf5 Kd7 18. Rhe1 Re8 19. Rd3 e5 20. dxe6+
Rxe6 21. Qb7+ Qc7 22. Qxb5+ Kd8 23. Rxe6 fxe6 24. Rc3 Qd7 25. Qb8+ 1-0

[Event "2017 Australian Open Championship"]
[Site "Brisbane AUS"]
[Date "2017.01.03" ]
[Round "2.14"]
[White "Lester, George"]
[Black "Borsos, Bogdan"]
[Result "1/2-1/2"]
[WhiteElo "2031"]
[BlackElo "2304"]
[PlyCount "65"]

1. d4 d6 2. c4 e5 3. d5 f5 4. e4 Nf6 5. Nc3 Na6 6. Bd3 Nc5 7. exf5 Nxd3+ 8.
Qxd3 Qd7 9. Nge2 Qxf5 10. Qxf5 Bxf5 11. Ng3 Bg6 12. f3 Be7 13. Be3 c6 14. dxc6
bxc6 15. O-O-O O-O 16. Nge4 Nxe4 17. fxe4 Rfd8 18. Rd3 Kf7 19. Rf1+ Ke6 20.
Rfd1 a5 21. Bb6 Rd7 22. c5 a4 23. cxd6 Rxd6 24. a3 Rxd3 25. Rxd3 Rf8 26. Be3
Ra8 27. Kc2 Bd6 28. Kc1 Bc7 29. Bc5 h6 30. Rg3 Kf7 31. Rd3 Ke6 32. Rg3 Kf7 33.
Rd3 1/2-1/2

[Event "2017 Australian Open Championship"]
[Site "Brisbane AUS"]
[Date "2017.01.03" ]
[Round "2.15"]
[White "Gong, Patrick"]
[Black "Bhat, Vishal"]
[Result "1/2-1/2"]
[WhiteElo "2303"]
[BlackElo "1995"]
[PlyCount "64"]

1. e4 e5 2. Nc3 Nf6 3. Bc4 Nc6 4. d3 Na5 5. Nge2 Bc5 6. Na4 Be7 7. Bb3 Nxb3 8.
axb3 d5 9. Nac3 O-O 10. O-O Re8 11. Ng3 g6 12. Re1 dxe4 13. dxe4 Be6 14. Qxd8
Rexd8 15. Nb5 Ne8 16. Be3 a6 17. Nc3 Rd7 18. Red1 Rad8 19. Rxd7 Rxd7 20. Nge2
Ng7 21. Nc1 f6 22. Kf1 Bf7 23. g3 Ne6 24. Nd5 Kg7 25. Nxe7 Rxe7 26. Ke2 f5 27.
f3 Be8 28. Nd3 fxe4 29. fxe4 Nd4+ 30. Bxd4 exd4 31. Nc5 Bb5+ 32. Kf3 b6 1/2-1/2

[Event "2017 Australian Open Championship"]
[Site "Brisbane AUS"]
[Date "2017.01.03" ]
[Round "2.16"]
[White "Yang, Ray"]
[Black "Loh, Zachary"]
[Result "1/2-1/2"]
[WhiteElo "1996"]
[BlackElo "2291"]
[PlyCount "66"]

1. d4 Nf6 2. c4 e6 3. Nc3 Bb4 4. e3 O-O 5. Nge2 c6 6. a3 Ba5 7. Bd2 d5 8. Ng3
Nbd7 9. cxd5 exd5 10. Bd3 Re8 11. O-O Bc7 12. Rc1 Nf8 13. Nce2 Ne4 14. Nxe4
dxe4 15. Bc4 Be6 16. Qb3 Rb8 17. Bb4 Qh4 18. Ng3 Bxc4 19. Qxc4 Ne6 20. Rfd1
Rbd8 21. d5 cxd5 22. Rxd5 Bxg3 23. hxg3 Qg4 24. Re5 Ng5 25. Qc7 Rd1+ 26. Be1
Ne6 27. Qc2 Rxc1 28. Qxc1 f6 29. Rd5 h5 30. Qd1 Qxd1 31. Rxd1 Rd8 32. Rxd8+
Nxd8 33. f3 exf3 1/2-1/2

[Event "2017 Australian Open Championship"]
[Site "Brisbane AUS"]
[Date "2017.01.03" ]
[Round "2.17"]
[White "Boyd, Tristan"]
[Black "Macdonald, Paul"]
[Result "1/2-1/2"]
[WhiteElo "2287"]
[BlackElo "1972"]
[PlyCount "83"]

1. d4 d6 2. c4 e5 3. d5 a5 4. Nc3 Na6 5. e4 Nc5 6. h3 f5 7. exf5 Bxf5 8. Be3 b6
9. Bxc5 bxc5 10. Bd3 Bxd3 11. Qxd3 Nh6 12. Nge2 Be7 13. O-O O-O 14. f4 Bf6 15.
Ne4 Rb8 16. b3 Nf5 17. Rae1 Nd4 18. Nxf6+ Rxf6 19. fxe5 dxe5 20. Ng3 Rxf1+ 21.
Nxf1 Qg5 22. Qg3 Qxg3 23. Nxg3 a4 24. bxa4 Ra8 25. Rxe5 Kf7 26. Ne4 Rxa4 27. d6
cxd6 28. Nxd6+ Kf6 29. Rxc5 Rxa2 30. Rd5 Ne2+ 31. Kh2 Ke6 32. Nf5 g6 33. Nd4+
Nxd4 34. Rxd4 Rc2 35. Kg3 Ke5 36. Rd5+ Ke6 37. Rd4 Ke5 38. Rg4 Kf5 39. Rf4+ Ke5
40. Rf7 Rxc4 41. Rxh7 Kf5 42. Rf7+ 1/2-1/2

[Event "2017 Australian Open Championship"]
[Site "Brisbane AUS"]
[Date "2017.01.03" ]
[Round "2.18"]
[White "Mortensen, Henrik"]
[Black "Brown, Andrew"]
[Result "0-1"]
[WhiteElo "1938"]
[BlackElo "2285"]
[PlyCount "118"]

1. b3 d5 2. Bb2 c5 3. Nf3 Nc6 4. e3 a6 5. Be2 Nf6 6. O-O e6 7. Ne5 Nxe5 8. Bxe5
Bd6 9. f4 d4 10. Bxd6 Qxd6 11. Bf3 Rb8 12. Qe2 O-O 13. a4 b5 14. axb5 axb5 15.
g3 e5 16. fxe5 Qxe5 17. d3 dxe3 18. Nd2 Re8 19. Ne4 Nd5 20. c4 bxc4 21. dxc4
Nc3 22. Nxc3 Qxc3 23. Bd5 Be6 24. Ra7 Bxd5 25. cxd5 Rf8 26. Re7 Rxb3 27. d6 Qd3
28. Qxd3 Rxd3 29. d7 g6 30. Re1 Kg7 31. R1xe3 Rxe3 32. Rxe3 Rd8 33. Rc3 Rxd7
34. Rxc5 Rd2 35. Ra5 h6 36. h4 Kf6 37. Rb5 Re2 38. Ra5 g5 39. hxg5+ hxg5 40.
Rb5 Kg6 41. Ra5 Kh5 42. Ra4 f5 43. Rb4 Re4 44. Rb3 Kg4 45. Kf2 Ra4 46. Rc3 Ra2+
47. Kg1 Kh3 48. Kf1 g4 49. Rc5 Kxg3 50. Rxf5 Ra1+ 51. Ke2 Kg2 52. Rf8 g3 53.
Rf7 Kg1 54. Rf3 g2 55. Rf7 Ra2+ 56. Ke1 Ra3 57. Rh7 Re3+ 58. Kd2 Kf2 59. Ra7
Rf3 0-1

[Event "2017 Australian Open Championship"]
[Site "Brisbane AUS"]
[Date "2017.01.03" ]
[Round "2.19"]
[White "Stahnke, Alexander"]
[Black "Ang, Alphaeus Wei Ern"]
[Result "0-1"]
[WhiteElo "1921"]
[BlackElo "2271"]
[PlyCount "68"]

1. c4 Nf6 2. Nc3 g6 3. g3 Bg7 4. Bg2 d6 5. d3 O-O 6. e4 c5 7. Nge2 Nc6 8. O-O
Ne8 9. Be3 Nc7 10. Qd2 Ne6 11. Bh6 Bd7 12. Nd5 Ned4 13. Nxd4 Nxd4 14. Bxg7 Kxg7
15. f4 Bc6 16. e5 Bxd5 17. Bxd5 Rb8 18. exd6 Qxd6 19. Rae1 e6 20. Bg2 b6 21. g4
Rbd8 22. Re3 h6 23. f5 exf5 24. Rh3 f4 25. Kh1 g5 26. Rh5 Rfe8 27. Be4 Rxe4 28.
dxe4 Qe6 29. Qg2 f3 30. Qf2 Qxg4 31. Qg3 Qxh5 32. Qe5+ Kg8 33. Qe7 Nc6 34. Qf6
Rd2 0-1

[Event "2017 Australian Open Championship"]
[Site "Brisbane AUS"]
[Date "2017.01.03" ]
[Round "2.20"]
[White "Stojic, Dusan"]
[Black "Zhong, Tony (Junhao)"]
[Result "1-0"]
[WhiteElo "2252"]
[BlackElo "1923"]
[PlyCount "67"]

1. Nf3 Nf6 2. g3 b6 3. Bg2 Bb7 4. O-O c5 5. d3 e6 6. e4 d5 7. Nbd2 Be7 8. Qe2
Nc6 9. Re1 Qc7 10. Nf1 dxe4 11. dxe4 a5 12. e5 Ba6 13. c4 Nd7 14. Bf4 Rc8 15.
N1d2 Nd4 16. Nxd4 cxd4 17. h4 Nc5 18. Qg4 Nd3 19. Qxg7 Nxe1 20. Qxh8+ Kd7 21.
Qxh7 Nxg2 22. Kxg2 Bxc4 23. f3 Bd5 24. h5 a4 25. Qd3 Qc5 26. a3 Bb3 27. Nxb3
axb3 28. Rc1 Qd5 29. Rxc8 Kxc8 30. h6 Bf8 31. Qa6+ Kc7 32. Qa7+ Qb7 33. Qxb7+
Kxb7 34. Bg5 1-0

[Event "2017 Australian Open Championship"]
[Site "Brisbane AUS"]
[Date "2017.01.03" ]
[Round "2.21"]
[White "Lourenco, Eva"]
[Black "Liu, Yi"]
[Result "0-1"]
[WhiteElo "1272"]
[BlackElo "2250"]
[PlyCount "84"]

1. d4 d5 2. Bf4 Nf6 3. e3 c5 4. c3 Nc6 5. Be2 Qb6 6. Qb3 c4 7. Qxb6 axb6 8. Nf3
b5 9. O-O Bf5 10. Re1 h6 11. h3 e6 12. Nbd2 b4 13. Ne5 bxc3 14. bxc3 Ba3 15. f3
Bb2 16. e4 Bxa1 17. Rxa1 Bh7 18. Nxc6 bxc6 19. Bd6 Kd7 20. e5 Ne8 21. Bb4 Nc7
22. f4 Ra7 23. a4 Rb8 24. a5 Na6 25. Ra4 Nxb4 26. cxb4 Rab7 27. a6 Ra7 28. Nxc4
dxc4 29. Bxc4 Kc7 30. Be2 Bc2 31. Ra2 Bb3 32. Rb2 Rxb4 33. g4 Rb6 34. f5 Ba4
35. Rxb6 Kxb6 36. h4 Bb5 37. Bxb5 cxb5 38. f6 g5 39. hxg5 hxg5 40. Kf2 b4 41.
Ke2 b3 42. Kd3 Rc7 {Text illegibe after move} 0-1

[Event "2017 Australian Open Championship"]
[Site "Brisbane AUS"]
[Date "2017.01.03" ]
[Round "2.22"]
[White "Nakauchi, Gene"]
[Black "Parle, Hughston"]
[Result "1-0"]
[WhiteElo "2238"]
[BlackElo "1920"]
[PlyCount "55"]

1. e4 c5 2. Nf3 d6 3. d4 cxd4 4. Nxd4 Nf6 5. Nc3 a6 6. Bg5 e6 7. f4 h6 8. Bh4
Qb6 9. Qd2 Qxb2 10. Rb1 Qa3 11. Bd3 Qc5 12. Na4 Qxd4 13. Nb6 Nc6 14. Bxf6 gxf6
15. Nxa8 Qa7 16. Nb6 Bd7 17. Qf2 Nd8 18. f5 e5 19. Nxd7 Qxf2+ 20. Kxf2 Kxd7 21.
a4 d5 22. exd5 Bc5+ 23. Kf3 a5 24. d6 Kxd6 25. Be4 Ke7 26. Rhd1 Rg8 27. Rd5 b6
28. Rbd1 {Text after move illegible} 1-0

[Event "2017 Australian Open Championship"]
[Site "Brisbane AUS"]
[Date "2017.01.03" ]
[Round "2.23"]
[White "Choong, Yita"]
[Black "Wang, Jason"]
[Result "1/2-1/2"]
[WhiteElo "2275"]
[BlackElo "1641"]
[PlyCount "88"]

1. d4 Nf6 2. c4 g6 3. g3 Bg7 4. Bg2 d6 5. Nf3 O-O 6. O-O Re8 7. Nc3 Bd7 8. Qb3
Qc8 9. Ne5 Nc6 10. Nxd7 Nxd7 11. e3 Nb6 12. c5 dxc5 13. dxc5 Nd7 14. Ne4 Rb8
15. Qc2 Kh8 16. Rb1 f5 17. Ng5 Bf6 18. h4 h6 19. Nh3 e5 20. h5 g5 21. Bxc6 bxc6
22. Qxf5 Rg8 23. g4 Bg7 24. Bd2 Rf8 25. Qe6 Nxc5 26. Qxc8 Rfxc8 27. Rfc1 Nd3
28. Rxc6 e4 29. Ba5 Ne5 30. Rxc7 Nxg4 31. Rxa7 Rxb2 32. Rxb2 Bxb2 33. Bb6 Ne5
34. Kg2 Nf3 35. Re7 Nh4+ 36. Kh2 Nf3+ 37. Kg3 Be5+ 38. Kg4 Rf8 39. Ng1 Bf6 40.
Rxe4 Nxg1 41. f4 Ne2 42. Re6 Kh7 43. Bc5 Rf7 44. a4 gxf4 1/2-1/2

[Event "2017 Australian Open Championship"]
[Site "Brisbane AUS"]
[Date "2017.01.03" ]
[Round "2.24"]
[White "Davis, Tony J"]
[Black "Holliday, Bruce M"]
[Result "1-0"]
[WhiteElo "1851"]
[BlackElo "2045"]
[PlyCount "124"]

1. e4 c5 2. Nf3 Nc6 3. d4 cxd4 4. Nxd4 Nf6 5. Nc3 d6 6. Bg5 e6 7. Be2 Be7 8.
Qd2 a6 9. O-O-O Bd7 10. f4 O-O 11. g4 Qc7 12. Rhg1 Rfd8 13. Qe3 Nxd4 14. Qxd4
Rac8 15. Rd2 Bc6 16. Bh4 d5 17. e5 Ne4 18. Bxe7 Qxe7 19. Rd3 Qc5 20. Nxe4 Qxd4
21. Rxd4 dxe4 22. Rgd1 Rxd4 23. Rxd4 Kf8 24. Kd2 Ke7 25. Ke3 f5 26. g5 h6 27.
gxh6 gxh6 28. Bc4 Rg8 29. Rd2 Rg1 30. c3 Rg4 31. Rd6 Bd7 32. Rd2 Bc6 33. b4 Rg1
34. Rd6 Bd7 35. Rd2 Re1+ 36. Kd4 Rg1 37. Kc5 Rc1 38. Kd4 Rg1 39. Bb3 Rf1 40.
Ke3 Rf3+ 41. Kd4 Rxf4 42. Rg2 Kf7 43. Kc5 Rf3 44. c4 e3 45. Bd1 Rf1 46. Be2 Bc6
47. Rg3 Rf2 48. Rxe3 f4 49. Bh5+ Ke7 50. Re2 Rf1 51. b5 axb5 52. cxb5 Bd5 53.
Rc2 f3 54. Kb6 Rg1 55. Rc7+ Kd8 56. Rf7 Rf1 57. a4 Ra1 58. Bxf3 Bxf3 59. Rf8+
Ke7 60. Rxf3 Rxa4 61. Kxb7 Re4 62. b6 Rxe5 {Text after move illegible} 1-0

[Event "2017 Australian Open Championship"]
[Site "Brisbane AUS"]
[Date "2017.01.03" ]
[Round "2.25"]
[White "Au, Alexander"]
[Black "Clarke, Matthew"]
[Result "0-1"]
[WhiteElo "1699"]
[BlackElo "2040"]
[PlyCount "62"]

1. e4 d5 2. exd5 Qxd5 3. Nc3 Qa5 4. d4 Nf6 5. Bd2 c6 6. Nf3 Bf5 7. Bc4 e6 8.
Qe2 Qc7 9. O-O-O Be7 10. h4 Nbd7 11. Bd3 Bxd3 12. Qxd3 b5 13. Rhe1 b4 14. Ne4
Nxe4 15. Qxe4 Nf6 16. Qe2 O-O 17. Rh1 c5 18. dxc5 Bxc5 19. Ne5 Nd5 20. h5 Rfc8
21. Nd3 Bd6 22. Be3 Rab8 23. Rdg1 b3 24. axb3 Rxb3 25. Kd1 Rxb2 26. Bd4 Qxc2+
27. Qxc2 Rbxc2 28. Bxa7 Ra2 29. Be3 Nxe3+ 30. fxe3 Rb8 31. Nc1 Rb1 0-1

[Event "2017 Australian Open Championship"]
[Site "Brisbane AUS"]
[Date "2017.01.03" ]
[Round "2.26"]
[White "Davies, Andrew Willam"]
[Black "Savige, Colin B"]
[Result "1-0"]
[WhiteElo "1986"]
[BlackElo "1560"]
[PlyCount "85"]

1. e4 c5 2. Nf3 d6 3. d4 cxd4 4. Nxd4 a6 5. c4 Nf6 6. Nc3 e6 7. Be2 Be7 8. Be3
Qc7 9. O-O O-O 10. Rc1 Nc6 11. f3 e5 12. Nf5 Bxf5 13. exf5 Qd7 14. g4 Rfe8 15.
Qd2 Bf8 16. Rfd1 Rac8 17. Qc2 Nb4 18. Qb1 Nc6 19. g5 Nh5 20. Nd5 Nf4 21. Bxf4
exf4 22. Kf2 Qd8 23. h4 Nb4 24. Nxf4 Qb6+ 25. Kg3 d5 26. cxd5 Rcd8 27. Rc4 Bd6
28. Re4 Qc7 29. Qc1 Rxe4 30. fxe4 Qb6 31. a3 Nc2 32. Rd3 Nd4 33. Bf1 Nb5 34.
Qe3 Qc7 35. Kg4 Qd7 36. e5 Bb8 37. a4 Nc7 38. d6 Ne8 39. Bg2 g6 40. Be4 Qxa4
41. f6 Qd7+ 42. Kg3 h5 43. gxh6 1-0

[Event "2017 Australian Open Championship"]
[Site "Brisbane AUS"]
[Date "2017.01.03" ]
[Round "2.27"]
[White "Choong, Mark"]
[Black "Renjith, Sraven"]
[Result "1/2-1/2"]
[WhiteElo "1928"]
[BlackElo "1612"]
[PlyCount "97"]

1. c4 e5 2. g3 Nf6 3. Bg2 d6 4. Nc3 Be7 5. e3 O-O 6. Nge2 c6 7. O-O Be6 8. b3
Qd7 9. Re1 Bh3 10. Bh1 d5 11. d4 e4 12. Bb2 Na6 13. a3 Nc7 14. Qc2 Ne6 15. Nf4
Nxf4 16. exf4 Bd6 17. Nd1 Bxf4 18. Ne3 Bxe3 19. fxe3 Bf5 20. Re2 h6 21. Rf1 Bg4
22. Ref2 Nh7 23. h4 Qd6 24. Kg2 Nf6 25. Rxf6 gxf6 26. Rf4 Bf3+ 27. Kh2 Bxh1 28.
Kxh1 Kg7 29. Qf2 Qe6 30. Kh2 h5 31. Qe2 Rh8 32. Bc3 Rh6 33. Be1 Rah8 34. Bb4
Rg6 35. Qf1 Rg4 36. Rf5 Rh6 37. Be1 Qd6 38. c5 Qc7 39. Rf4 Rxf4 40. Qxf4 Qxf4
41. gxf4 Rh8 42. f5 Kf8 43. Bg3 Ke8 44. Bb8 Kd7 45. Bf4 b6 46. b4 b5 47. Bg3
Rg8 48. Be1 Rg4 49. Kh1 1/2-1/2

[Event "2017 Australian Open Championship"]
[Site "Brisbane AUS"]
[Date "2017.01.03" ]
[Round "2.28"]
[White "Kay, James"]
[Black "Slater-Jones, Tom"]
[Result "0-1"]
[WhiteElo "1677"]
[BlackElo "2005"]
[PlyCount "60"]

1. e4 e6 2. d4 d5 3. Nd2 Be7 4. c3 c5 5. e5 Nc6 6. Qg4 Kf8 7. Ne2 h5 8. Qh3 Qb6
9. Qe3 Nh6 10. Nb3 Nf5 11. Qd2 cxd4 12. Nbxd4 Nfxd4 13. Nxd4 Nxe5 14. Be2 Nc6
15. O-O Nxd4 16. Qxd4 Qxd4 17. cxd4 Bf6 18. Be3 Bd7 19. Rac1 g6 20. Rfd1 Bc6
21. b4 a6 22. Rd3 Kg7 23. Rdc3 Rhc8 24. a4 Bd7 25. Rc7 Rxc7 26. Rxc7 Bc6 27. g4
Bd8 28. Rxc6 bxc6 29. gxh5 gxh5 30. Bxh5 Be7 0-1

[Event "2017 Australian Open Championship"]
[Site "Brisbane AUS"]
[Date "2017.01.03" ]
[Round "2.29"]
[White "Strickland, Rebecca"]
[Black "Tsai, Charles"]
[Result "0-1"]
[WhiteElo "1745"]
[BlackElo "1908"]
[PlyCount "82"]

1. e4 e6 2. f4 d5 3. e5 c5 4. Nf3 Nc6 5. c3 Nge7 6. Na3 Ng6 7. d3 Be7 8. Nc2
O-O 9. Be2 f6 10. exf6 Bxf6 11. O-O Kh8 12. Qe1 Qd6 13. Qg3 Bd7 14. Ng5 e5 15.
f5 Nge7 16. Ne3 h6 17. Nh3 b5 18. Bg4 d4 19. Nd1 Qd5 20. Bf3 Qf7 21. Be4 Rab8
22. Qf3 Nd8 23. Bd2 Bc6 24. Ndf2 c4 25. Bxc6 Ndxc6 26. Ne4 cxd3 27. Qxd3 Rfd8
28. Rad1 dxc3 29. Qxc3 Nd4 30. Ng3 Nd5 31. Qd3 Bh4 32. Rde1 Bf6 33. Be3 Nb4 34.
Qe4 Nxa2 35. Bd2 b4 36. Nf2 b3 37. Nd3 Nc2 38. Re2 Qd5 39. Nxe5 Bxe5 40. Qxe5
Qxe5 41. Rxe5 Rxd2 0-1

[Event "2017 Australian Open Championship"]
[Site "Brisbane AUS"]
[Date "2017.01.03" ]
[Round "2.30"]
[White "Hathiramani, Dillon"]
[Black "Lilly, Richard"]
[Result "1/2-1/2"]
[WhiteElo "1903"]
[BlackElo "1747"]
[PlyCount "64"]

1. e4 e6 2. d4 d5 3. Nd2 dxe4 4. Nxe4 Nd7 5. Nf3 Ngf6 6. Nxf6+ Nxf6 7. Bg5 Be7
8. Bd3 O-O 9. Qe2 c5 10. O-O-O cxd4 11. Kb1 Nd5 12. Bxe7 Qxe7 13. Qe4 Nf6 14.
Qh4 h6 15. Nxd4 Nd5 16. Qe4 Nf6 17. Qe5 Bd7 18. Rhe1 Rac8 19. Qg3 Qc5 20. Nb3
Qc7 21. Qh4 Bc6 22. Re3 Kh8 23. g4 Qf4 24. Rg1 Ne4 25. Rf1 a5 26. a4 Ng5 27.
Qg3 Qxa4 28. f4 Ne4 29. Qh4 f6 30. Qe1 f5 31. Rg1 Qb4 32. Qxb4 axb4 1/2-1/2

[Event "2017 Australian Open Championship"]
[Site "Brisbane AUS"]
[Date "2017.01.03" ]
[Round "2.31"]
[White "Gong, Michael (Qiming)"]
[Black "Louie, Jared"]
[Result "1/2-1/2"]
[WhiteElo "1731"]
[BlackElo "1895"]
[PlyCount "72"]

1. d4 Nf6 2. c4 c5 3. d5 e5 4. Nc3 d6 5. e4 Be7 6. Be2 O-O 7. Nf3 Ne8 8. O-O
Nd7 9. a3 a6 10. b4 b6 11. Be3 g6 12. Qd2 Ng7 13. Bh6 f5 14. h3 f4 15. Nh2 Nf6
16. Qd1 Kh8 17. Ng4 Ng8 18. Bxg7+ Kxg7 19. bxc5 bxc5 20. Qc2 h5 21. Nh2 Nf6 22.
Rab1 g5 23. f3 Rh8 24. Nd1 g4 25. fxg4 hxg4 26. hxg4 Qg8 27. g5 Qh7 28. gxf6+
Bxf6 29. Nf3 Qh1+ 30. Kf2 Bh4+ 31. Nxh4 Qxh4+ 32. Kg1 Qh2+ 33. Kf2 Qh4+ 34. Kg1
Qh2+ 35. Kf2 Qh4+ 36. Kg1 Qh2+ 1/2-1/2

[Event "2017 Australian Open Championship"]
[Site "Brisbane AUS"]
[Date "2017.01.03" ]
[Round "2.32"]
[White "Lam, Ross"]
[Black "Stark, Ken"]
[Result "1-0"]
[WhiteElo "1883"]
[BlackElo "1743"]
[PlyCount "91"]

1. c4 Nf6 2. Nc3 g6 3. g3 Bg7 4. Bg2 c6 5. Nf3 d6 6. O-O O-O 7. d4 Qa5 8. e4
Qh5 9. Re1 Bh3 10. e5 Bxg2 11. Kxg2 dxe5 12. Rxe5 Qg4 13. Rxe7 Nbd7 14. Qd3
Rfe8 15. Rxe8+ Rxe8 16. Bd2 Ne4 17. Nxe4 Qxe4 18. Qxe4 Rxe4 19. Re1 Rxe1 20.
Bxe1 c5 21. Bc3 b6 22. Kf1 Kf8 23. Ke2 Ke7 24. Kd3 cxd4 25. Bxd4 Nc5+ 26. Ke2
Bxd4 27. Nxd4 a5 28. b3 Ne4 29. Nb5 Kd7 30. f3 Nc5 31. Ke3 f5 32. h4 Ne6 33.
Nd4 Nc5 34. Nb5 Ke6 35. Kd4 h6 36. Nc7+ Kd6 37. Nd5 Nd7 38. Nxb6 Nxb6 39. c5+
Kc6 40. cxb6 Kxb6 41. Kd5 h5 42. f4 Kb5 43. a3 Kb6 44. b4 a4 45. Kc4 Ka6 46.
Kc5 1-0

[Event "2017 Australian Open Championship"]
[Site "Brisbane AUS"]
[Date "2017.01.03" ]
[Round "2.33"]
[White "Craven, Mark A"]
[Black "Walker, Tyson"]
[Result "0-1"]
[WhiteElo "1711"]
[BlackElo "1880"]
[PlyCount "50"]

1. e4 c5 2. Nf3 d6 3. Bb5+ Bd7 4. Bxd7+ Nxd7 5. O-O Ngf6 6. Re1 e6 7. c3 Be7 8.
d4 cxd4 9. cxd4 Nb6 10. Nc3 O-O 11. h3 Rc8 12. Na4 d5 13. Nxb6 Qxb6 14. exd5
Nxd5 15. a3 Rfd8 16. b4 Bf6 17. Bb2 a5 18. Rb1 axb4 19. axb4 Rc4 20. Qd3 Rxb4
21. Ba3 Rxb1 22. Rxb1 Qc6 23. Qb3 b6 24. Rc1 Qa8 25. Ne5 Nf4 0-1

[Event "2017 Australian Open Championship"]
[Site "Brisbane AUS"]
[Date "2017.01.03" ]
[Round "2.34"]
[White "Holt, Kenneth P"]
[Black "Therakam, Clint"]
[Result "1/2-1/2"]
[WhiteElo "1874"]
[BlackElo "1720"]
[PlyCount "131"]

1. d4 f5 2. c4 Nf6 3. Nc3 e6 4. g3 Bb4 5. Bd2 O-O 6. Bg2 d6 7. Nf3 Nbd7 8. Qb3
Bxc3 9. Bxc3 Ne4 10. O-O Qe8 11. Nd2 Ndf6 12. Rad1 Qh5 13. Nxe4 fxe4 14. f3 e5
15. dxe5 dxe5 16. Qb5 Re8 17. g4 Qh6 18. h3 Qe3+ 19. Rf2 c6 20. Qb3 h5 21. Bd2
Qc5 22. Be3 Qe7 23. g5 Nh7 24. h4 exf3 25. exf3 Nf8 26. Rfd2 Ng6 27. c5+ Be6
28. Qb4 a5 29. Qe4 Qf7 30. b3 Bd5 31. Qa4 Bxf3 32. Rd7 Re7 33. Rxe7 Nxe7 34.
Rd7 Bxg2 35. Kxg2 Qe6 36. Rd6 Qf5 37. Qc4+ Nd5 38. Rxd5 cxd5 39. Qxd5+ Qf7 40.
Qxe5 Rf8 41. Qe4 Qf1+ 42. Kg3 Qe1+ 43. Kh3 Qd1 44. Kg3 Qe2 45. g6 Qe1+ 46. Kh3
Qf1+ 47. Kg3 Qf5 48. Qxf5 Rxf5 49. a3 Rf1 50. b4 axb4 51. axb4 Rf6 52. Bg5 Rxg6
53. Kf4 Kf7 54. Ke5 Ra6 55. Kd5 Ke8 56. Bd2 Ra2 57. Bg5 Kd7 58. b5 Ra5 59. Kc4
Ra4+ 60. Kd5 Rg4 61. c6+ bxc6+ 62. bxc6+ Kc7 63. Ke5 Rc4 64. Ke6 Rg4 65. Kf5
Kxc6 66. Kg6 1/2-1/2

[Event "2017 Australian Open Championship"]
[Site "Brisbane AUS"]
[Date "2017.01.03" ]
[Round "2.35"]
[White "Haydn, Gavin"]
[Black "Selnes, Hamish"]
[Result "0-1"]
[WhiteElo "1702"]
[BlackElo "1868"]
[PlyCount "102"]

1. d4 g6 2. c4 Bg7 3. Nc3 d6 4. h3 Nc6 5. Nf3 e5 6. d5 Nce7 7. e4 f5 8. Bd3 Nf6
9. Qc2 O-O 10. O-O f4 11. b4 h6 12. c5 g5 13. cxd6 cxd6 14. Nb5 Ne8 15. Bb2 a6
16. Nc3 Ng6 17. Kh2 h5 18. Ng1 g4 19. f3 Qh4 20. Nce2 Nf6 21. Bc3 Nh7 22. a4
g3+ 23. Nxg3 fxg3+ 24. Kh1 Nf4 25. Be1 Ng5 26. Rf2 Bxh3 27. gxh3 Ngxh3 28. Rh2
Rac8 29. Qd2 Nf2+ 30. Qxf2 gxf2 31. Rxh4 fxe1=Q 32. Rxe1 Nxd3 33. Rb1 Nf4 34.
Rh2 Rc3 35. b5 a5 36. Ra2 b6 37. Kh2 Rfc8 38. Kg3 Rc2 39. Rbb2 Rxb2 40. Rxb2
Rc4 41. Ra2 Kf7 42. Nh3 Nxh3 43. Kxh3 Bf6 44. Ra3 Kg6 45. Kg3 Kg5 46. Ra2 h4+
47. Kg2 Kf4 48. Ra3 Rc2+ 49. Kh3 Rf2 50. Ra2 Rxf3+ 51. Kg2 Kxe4 0-1

[Event "2017 Australian Open Championship"]
[Site "Brisbane AUS"]
[Date "2017.01.03" ]
[Round "2.36"]
[White "Weller, Tony "]
[Black "Ingham, Glenn"]
[Result "0-1"]
[WhiteElo "1864"]
[BlackElo "1710"]
[PlyCount "83"]

1. d4 d5 2. e3 Nf6 3. Bd3 c5 4. c3 Nc6 5. Nd2 e5 6. dxe5 Nxe5 7. Ndf3 Nxd3+ 8.
Qxd3 Bd6 9. h3 h6 10. Ne2 b6 11. Nf4 Bb7 12. Qb5+ Qd7 13. Qxd7+ Kxd7 14. Ne2
Rhe8 15. b3 Re6 16. Bb2 Rae8 17. O-O-O Ne4 18. Rhf1 Ba6 19. Nfg1 Kc6 20. Kc2
Bh2 21. Nf3 Bxe2 22. Nxh2 Bxd1+ 23. Kxd1 g5 24. Ke2 f5 25. Rd1 f4 26. Nf1 fxe3
27. f3 Nf6 28. Ng3 Re5 29. a4 a5 30. Bc1 Rd8 31. Bb2 h5 32. Nf1 Rde8 33. Bc1 c4
34. bxc4 dxc4 35. Rd4 b5 36. axb5+ Kxb5 37. Bb2 Nd5 38. g3 h4 39. f4 gxf4 40.
gxf4 Rf5 41. Rxd5+ Rxd5 42. Nxe3 0-1

[Event "2017 Australian Open Championship"]
[Site "Brisbane AUS"]
[Date "2017.01.03" ]
[Round "2.37"]
[White "Esmaili, Ali"]
[Black "Winkleman , Albert"]
[Result "1-0"]
[WhiteElo "1666"]
[BlackElo "1860"]
[PlyCount "83"]

1. e4 e5 2. Nf3 Nc6 3. Bc4 Nf6 4. d3 Be7 5. Nc3 d6 6. Be3 O-O 7. Ne2 Na5 8. Bb3
Re8 9. Ng3 g6 10. Qd2 Nxb3 11. axb3 b6 12. O-O Bf8 13. h3 Bb7 14. c4 c6 15. Bh6
Bg7 16. Bxg7 Kxg7 17. Qg5 Kh8 18. Rfd1 c5 19. Qh6 Ng8 20. Qe3 a5 21. h4 Bc6 22.
h5 Kg7 23. b4 axb4 24. Rxa8 Bxa8 25. Ra1 h6 26. hxg6 fxg6 27. Ra7+ Re7 28. Ng5
Qc8 29. Ne6+ Kh7 30. Ng5+ hxg5 31. Ra1 Bc6 32. Qxg5 Rf7 33. f3 Qd7 34. Kf2 Kg7
35. Nf5+ Kf8 36. Qxg6 Rf6 37. Qg5 d5 38. cxd5 Bb7 39. g4 b5 40. Rh1 Qf7 41. Rh8
Qg6 42. Rxg8+ 1-0

[Event "2017 Australian Open Championship"]
[Site "Brisbane AUS"]
[Date "2017.01.03" ]
[Round "2.38"]
[White "Tanti, Joseph"]
[Black "Courtney, Michael"]
[Result "0-1"]
[WhiteElo "1853"]
[BlackElo "1700"]
[PlyCount "54"]

1. a3 Nf6 2. d4 g6 3. Nc3 d5 4. Bg5 Bg7 5. f3 O-O 6. e4 dxe4 7. fxe4 c6 8. Be2
Re8 9. e5 Nd5 10. Ne4 f6 11. c4 fxg5 12. cxd5 h6 13. d6 Be6 14. Nf3 Nd7 15.
Nfxg5 hxg5 16. Nxg5 exd6 17. Nxe6 Rxe6 18. Qb3 Qa5+ 19. Kf2 Rf8+ 20. Kg3 Bxe5+
21. Kh3 Rfe8 22. Bg4 Bxd4 23. Rae1 Nc5 24. Qc4 Kh7 25. Bxe6 Nxe6 26. Rxe6 Qf5+
27. Kg3 Bf2# 0-1

[Event "2017 Australian Open Championship"]
[Site "Brisbane AUS"]
[Date "2017.01.03" ]
[Round "2.39"]
[White "Brockman, Roland "]
[Black "Lovejoy, David"]
[Result "1/2-1/2"]
[WhiteElo "1643"]
[BlackElo "1847"]
[PlyCount "47"]

1. d4 Nf6 2. Nf3 e6 3. e3 d5 4. Bd3 Be7 5. Nbd2 O-O 6. O-O c5 7. c3 b6 8. e4
dxe4 9. Nxe4 Bb7 10. Qe2 Nbd7 11. dxc5 Nxe4 12. Bxe4 Bxe4 13. Qxe4 Nxc5 14. Qe2
Qd3 15. Qxd3 Nxd3 16. Rd1 Rfd8 17. Nd4 Nxf2 18. Kxf2 e5 19. Nc6 Rxd1 20. Nxe7+
Kf8 21. Nc6 f5 22. Ke2 Rg1 23. Kf2 Rd1 24. Ke2 1/2-1/2

[Event "2017 Australian Open Championship"]
[Site "Brisbane AUS"]
[Date "2017.01.03" ]
[Round "2.40"]
[White "Ostapenko, Michael"]
[Black "Yao, Licia"]
[Result "1-0"]
[WhiteElo "1832"]
[BlackElo "1687"]
[PlyCount "62"]

1. e4 e6 2. d4 d5 3. Nc3 Nf6 4. e5 Nfd7 5. f4 c5 6. Nf3 a6 7. Be3 Nc6 8. Qd2 b5
9. Qf2 Qb6 10. Bd3 c4 11. Be2 Nb4 12. Bd1 Bb7 13. a3 Nc6 14. g4 Ne7 15. Ne2 f5
16. h3 g6 17. Ng3 Bh6 18. gxf5 Nxf5 19. Nxf5 exf5 20. Qh4 Bg7 21. c3 Nf8 22.
Be2 Ne6 23. Rg1 Qd8 24. Qg3 Qe7 25. h4 Rf8 26. h5 Qf7 27. hxg6 hxg6 28. Qxg6
Qxg6 29. Rxg6 Kd7 30. Ng5 Nxg5 31. Rxg7+ Nf7 {Handwriting Illegible} 1-0